000 00323nam a2200133Ia 4500
005 20260328101452.0
008 260328s9999||||xx |||||||||||||| ||und||
100 _aWick, Rainer
245 0 _aPedagogĂ­a de la Bauhaus /
_cRainer Wick
260 _bAlianza
300 _a317 p.
650 _aARQUITECTURA MODERNA
942 _cBK
999 _c8693
_d8693